London Mayor accused over planning decisions (Record no. 70432)
[ view plain ]
| 000 -LEADER | |
|---|---|
| fixed length control field | 01200cam a2200193 4500 |
| 001 - CONTROL NUMBER | |
| control field | WB3820-23 |
| 008 - FIXED-LENGTH DATA ELEMENTS--GENERAL INFORMATION | |
| fixed length control field | 020606n2002 000 0 eng u |
| 035 ## - SYSTEM CONTROL NUMBER | |
| System control number | (Sirsi) u118301 |
| 245 ## - TITLE STATEMENT | |
| Title | London Mayor accused over planning decisions |
| 260 ## - PUBLICATION, DISTRIBUTION, ETC. | |
| Date of publication, distribution, etc. | 2002 |
| 490 ## - SERIES STATEMENT | |
| Series statement | GLA News Release |
| Volume/sequential designation | (258), 1 June 2002 |
| 520 ## - SUMMARY, ETC. | |
| Summary, etc. | GLA has accused London Mayor Ken Livingstone of acting undemocratically for allowing influencial people to attend planning meetings which exclude ordinary Londoners. "Behind closed doors" suggests decisions are made after consultation with powerful people in a climate of secrecy, and negating the principles of open government. GLA Press Release: http://www.london.gov.uk/approot/view_press_release_a.jsp?releaseid=1147 "Behind closed doors" report available in PDF form at: http://www.london.gov.uk/approot/assembly/reports/behind_closed_doors/behind_closed_doors_full2.pdf Mayor's response to report: http://www.london.gov.uk/approot/view_press_release.jsp?releaseid=1150 |
| 590 ## - LOCAL NOTE (RLIN) | |
| Local note | WB |
| 650 ## - SUBJECT ADDED ENTRY--TOPICAL TERM | |
| Topical term or geographic name entry element | GLA |
| 650 ## - SUBJECT ADDED ENTRY--TOPICAL TERM | |
| Topical term or geographic name entry element | GREATER LONDON ASSEMBLY |
| 650 ## - SUBJECT ADDED ENTRY--TOPICAL TERM | |
| Topical term or geographic name entry element | PLANNING DECISIONS |
| 690 ## - LOCAL SUBJECT ADDED ENTRY--TOPICAL TERM (OCLC, RLIN) | |
| Topical term or geographic name as entry element | ENVIRONMENTAL AND LAND CONSULTANCY-PLANNING AND DEVELOPMENT |
| 942 ## - ADDED ENTRY ELEMENTS (KOHA) | |
| Suppress in OPAC | 0 |
| Withdrawn status | Lost status | Source of classification or shelving scheme | Damaged status | Not for loan | Home library | Current library | Shelving location | Date acquired | Total Checkouts | Full call number | Barcode | Date last seen | Copy number | Price effective from | Koha item type |
|---|---|---|---|---|---|---|---|---|---|---|---|---|---|---|---|
| Dewey Decimal Classification | London | London | News article | 06/06/2002 | WB3820-23 | 118301-1001 | 06/08/2019 | 1 | 06/08/2019 | News article |